| 000 | 00981nam0a22002531 4500 | ||
|---|---|---|---|
| 001 | rc\2640743 | ||
| 005 | 20250529185630.0 | ||
| 035 | _a(NLR Aleph) 006948711 | ||
| 090 |
_a5225495 _c5225495 |
||
| 100 | _a20110605d1930 |||y0rusy50 ca | ||
| 101 | 0 | _arus | |
| 102 | _aRU | ||
| 105 | _aa z ||||| | ||
| 200 | 1 |
_aО палеарктических видах подрода Cordulegaster Leach. (Odonata) _fА.Н. Бартенев |
|
| 210 |
_aВладикавказ _cБ. и. _d1930 |
||
| 215 |
_a32 с. _cил. _d29 см |
||
| 300 | _aРез. на нем. яз. | ||
| 300 | _a"Работы Северо-Кав. гидробиол. станции при Горском с.-х. ин-те. т. 3. вып. 1-3. Под ред. Д.А. Торноградского. Отд. отт." | ||
| 700 | 1 |
_aБартенев _bА.Н. _f1882- _gАлександр Николаевич |
|
| 801 | 0 |
_aRU _bNLR _gpsbo |
|
| 801 | 1 |
_aRU _bELAR _2rusmarc |
|
| 852 |
_aNLR _j57-8/169 |
||
| 942 | _cBOOK | ||
| 980 | _aNB | ||